00348nam a2200133Ia 4500008004100000041000800041082001600049100001200065245004500077250001400122260003900136300003200175365000700207240624s9999 xx 000 0 und d aeng a658.452 JAY aJAY ROS aEFFECTIVE PRESENTATION HOW TO CREATE AND a(2nd ed.) c2005aNew DelhibPearson Education axiii, : 136 : p. : cm. ; 23 cRS